[Event "FSGM August"]
[Site "Budapest HUN"]
[Date "2001.08.16"]
[Round "13"]
[White "Medvegy,Z"]
[Black "Szeberenyi,A"]
[Result "1-0"]
[WhiteElo "2430"]
[BlackElo "2417"]

1.e4 c5 2.Nf3 d6 3.d4 cxd4 4.Nxd4 Nf6 5.Nc3 a6 6.Be3 Ng4 7.Bg5 h6 8.Bh4 g5
9.Bg3 Bg7 10.Be2 h5 11.Nf5 Bxf5 12.exf5 Bxc3+ 13.bxc3 Nf6 14.h4 g4 15.O-O Nbd7
16.Re1 Nc5 17.Qd4 Kf8 18.Bf4 Qd7 19.Bd3 Nxd3 20.cxd3 Kg7 21.Re2 Rhe8 22.Rae1 Qxf5
23.Rxe7 Kg6 24.Bxd6 Rad8 25.Rxe8 Rxe8 26.Rxe8 Nxe8 27.Bf8 Nf6 28.Qe3 Ng8
29.c4 Kh7 30.g3 Qc8 31.Bd6 Qe6 32.c5 Qxe3 33.fxe3 Kg6 34.e4 Kf6 35.Kf2 Ke6
36.Ke3 f5 37.Kf4 fxe4 38.dxe4 b6 39.Bf8 bxc5 40.Bxc5 Nf6 41.Bd4 Nh7 42.Ba1 Kf7
43.Kf5  1-0

[Event "ch-FRA Gp B"]
[Site "Marsailles FRA"]
[Date "2001.08.16"]
[Round "4"]
[White "Fressinet,L"]
[Black "Relange,E"]
[Result "0-1"]
[WhiteElo "2606"]
[BlackElo "2472"]

1.e4 c5 2.Nc3 a6 3.Nf3 d6 4.d4 cxd4 5.Nxd4 Nf6 6.Be3 e6 7.g4 h6 8.Qe2 b5
9.a3 Bb7 10.Bg2 Nbd7 11.h4 Rc8 12.Bd2 Qb6 13.Nxe6 fxe6 14.g5 hxg5 15.hxg5 Rxh1+
16.Bxh1 Ng8 17.Qh5+ Kd8 18.Qf7 Ne7 19.O-O-O e5 20.g6 Qc6 21.Be3 a5 22.Qe6 Nxg6
23.Qxg6 b4 24.Bg5+ Kc7 25.axb4 axb4 26.Nd5+ Kb8 27.Rd2 Qa6 28.Kb1 Qf1+ 29.Ka2 Qa6+
30.Kb1 Qf1+ 31.Ka2 b3+ 32.cxb3 Rc1 33.Qe8+ Bc8 34.Ka3 Qa6+ 35.Kb4 Qb7+  0-1

[Event "Rubinstein Open"]
[Site "Polanica Zdroj POL"]
[Date "2001.08.16"]
[Round "1"]
[White "Jedryczka,K"]
[Black "Tazbir,M"]
[Result "0-1"]
[WhiteElo "2330"]
[BlackElo "2115"]

1.e4 c5 2.Nf3 d6 3.d4 cxd4 4.Nxd4 Nf6 5.Nc3 a6 6.Be3 e5 7.Nb3 Be6 8.f3 Nbd7
9.g4 b5 10.g5 b4 11.Na4 Nh5 12.Qd2 Qc7 13.Qxb4 d5 14.Qa5 Qb7 15.Nac5 Nxc5
16.Bxc5 Bxc5 17.Qxc5 dxe4 18.O-O-O Rc8 19.Qxe5 exf3 20.Bd3 O-O 21.Be4 Qe7
22.Rhf1 Rfe8 23.Rde1 Bxb3 24.Qxe7 Rxe7 25.Bxh7+ Kxh7 26.Rxe7 Rxc2+ 27.Kb1 Re2
28.Rc7 Bd5 29.a4 f2  0-1

[Event "Rubinstein Open"]
[Site "Polanica Zdroj POL"]
[Date "2001.08.16"]
[Round "1"]
[White "Guliev,L"]
[Black "Noga,J"]
[Result "1-0"]
[WhiteElo "2371"]
[BlackElo "2135"]

1.e4 c5 2.Nf3 d6 3.d4 cxd4 4.Nxd4 Nf6 5.Nc3 a6 6.Be3 e6 7.f3 Nbd7 8.Qd2 b5
9.O-O-O Bb7 10.g4 b4 11.Nce2 Qa5 12.Kb1 h6 13.h4 d5 14.Bh3 dxe4 15.g5 hxg5
16.hxg5 exf3 17.gxf6 fxe2 18.fxg7 exd1=Q+ 19.Rxd1 Bxg7 20.Nxe6 Bd5 21.Nxg7+ Kf8
22.b3 Rxh3 23.Bh6 Rxh6 24.Qxh6 Qb6 25.Qh8+ Ke7 26.Nf5+ Ke6 27.Re1+ Kxf5 28.Qh5+ Kf6
29.Qh6+ Kf5 30.Rf1+ Kg4 31.Rf4+  1-0

[Event "Rubinstein Open"]
[Site "Polanica Zdroj POL"]
[Date "2001.08.16"]
[Round "1"]
[White "Jaracz,P"]
[Black "Puszczewicz,K"]
[Result "1-0"]
[WhiteElo "2521"]
[BlackElo "2199"]

1.e4 c5 2.Nf3 d6 3.d4 cxd4 4.Nxd4 Nf6 5.Nc3 a6 6.Be3 e5 7.Nb3 Be7 8.f3 Be6
9.Qd2 d5 10.exd5 Nxd5 11.Nxd5 Qxd5 12.Qxd5 Bxd5 13.O-O-O Bxb3 14.axb3 O-O
15.Bc4 Rd8 16.Bb6 Rd7 17.c3 Kf8 18.b4 Ke8 19.Bd5 Bg5+ 20.Kc2 Nc6 21.Rhe1 f6
22.g3 Rc8 23.Be6 Rxd1 24.Rxd1 Ra8 25.h4 Bh6 26.Rd7 Rc8 27.Bc7  1-0

[Event "Rubinstein Open"]
[Site "Polanica Zdroj POL"]
[Date "2001.08.16"]
[Round "1"]
[White "Glazik,M"]
[Black "Balcerak,J"]
[Result "0-1"]
[WhiteElo "2151"]
[BlackElo "2415"]

1.e4 c5 2.Nf3 d6 3.d4 cxd4 4.Nxd4 Nf6 5.Nc3 a6 6.Be3 e6 7.Be2 Be7 8.O-O O-O
9.f4 Nc6 10.a4 Qc7 11.Bf3 Re8 12.Nb3 b6 13.e5 dxe5 14.fxe5 Rd8 15.Qe1 Nd7
16.Qf2 Rf8 17.Qg3 Bb7 18.Bf4 Kh8 19.Be4 Nc5 20.Nxc5 Bxc5+ 21.Kh1 Ne7 22.Rae1 Ng6
23.Bd3 Rad8 24.Ne4 Bxe4 25.Rxe4 Rd4 26.c3 Rxe4 27.Bxe4 a5 28.Qg5 Be7 29.Qh5 Qc4
30.Re1 Bc5 31.Bg3 Qxa4 32.h4 Qc4 33.Qg4 Ne7 34.h5 h6 35.Bh4 Nd5 36.Qf3 Be7
37.Bf2 Bc5 38.Bh4 Kg8 39.Kh2 f5 40.exf6 Bd6+ 41.Kh3 Nf4+ 42.Kh2 Nxh5+ 43.g3 Nxf6
44.Bxf6 Rxf6 45.Qg4 Qc5 46.Re2 Kf7 47.Kg2 h5 48.Qh3 g6 49.Bf3 Qg5 50.Bc6 Ke7
51.Bf3 Bc5 52.Qh1 Rxf3 53.Kxf3 Qg4+ 54.Kg2 Qxe2+ 55.Kh3 Qg4+ 56.Kg2 Bd6  0-1

[Event "I American Continental"]
[Site "Cali COL"]
[Date "2001.08.17"]
[Round "8"]
[White "Uribe,M"]
[Black "Sarat,V"]
[Result "1-0"]
[WhiteElo "2337"]
[BlackElo "2157"]

1.e4 c5 2.Nf3 d6 3.d4 cxd4 4.Nxd4 Nf6 5.Nc3 a6 6.Be3 e6 7.f3 Qc7 8.Qd2 Nbd7
9.g4 Nc5 10.g5 Nh5 11.O-O-O b5 12.Kb1 g6 13.Ndxb5 axb5 14.Nxb5 Qc6 15.Nxd6+ Bxd6
16.Qxd6 Qxd6 17.Rxd6 Nb7 18.Bb5+ Ke7 19.Rd3 e5 20.Bd2 Kf8 21.Bb4+ Kg7 22.Bc3 f6
23.gxf6+ Kxf6  1-0

[Event "WJun Women"]
[Site "Athens GRE"]
[Date "2001.08.18"]
[Round "3"]
[White "Gu Xiaobing"]
[Black "Sergeeva,M"]
[Result "1-0"]
[WhiteElo "2300"]
[BlackElo "2327"]

1.e4 c5 2.Nf3 d6 3.d4 cxd4 4.Nxd4 Nf6 5.Nc3 a6 6.Be3 e6 7.f3 b5 8.g4 h6 9.Qd2 Nbd7
10.O-O-O Bb7 11.h4 b4 12.Na4 Qa5 13.b3 Nc5 14.a3 Rc8 15.Qxb4 Qc7 16.Nxc5 dxc5
17.Qa4+ Nd7 18.Ne2 Bc6 19.Qxa6 Ra8 20.Qc4 Rxa3 21.Bf4 Qa7 22.Nc3 Qa5 23.Bg2 Be7
24.Nb1 Ra1 25.Rxd7 Bxd7 26.Be5 Bf6 27.Bxa1 Bxa1 28.Rd1 Be5 29.Bf1 Qa2 30.Qxc5 Bf4+
31.Rd2 Bxd2+ 32.Nxd2 Qa1+ 33.Nb1 Qf6 34.Bb5 Qd8 35.Na3 f6 36.Qd6 Bxb5 37.Qxe6+ Qe7
38.Qxe7+ Kxe7 39.Nxb5 h5 40.Nd4 g6 41.gxh5 Rxh5 42.Kd2 Rxh4 43.Kd3 Kd6 44.b4 Rh1
45.Kc4 g5 46.c3 Ra1 47.Kb5 Ke5 48.Kc5 Ra3 49.c4 Rd3 50.Nc6+ Kf4 51.b5 Kxf3
52.b6 Rd7 53.e5 g4 54.e6 Rh7 55.e7 Rh8 56.Nd4+ Ke4 57.b7 Re8 58.Kd6 Kxd4
59.Kd7 Rb8 60.Kc7 Re8 61.b8=Q Rxe7+ 62.Kd6 Re5 63.Qa7+ Kd3 64.c5 g3 65.c6 g2
66.Kd7 Ke2 67.c7  1-0

[Event "I American Continental"]
[Site "Cali COL"]
[Date "2001.08.18"]
[Round "9"]
[White "Barrientos,S"]
[Black "Acosta,A COL"]
[Result "0-1"]
[WhiteElo "2163"]
[BlackElo "2300"]

1.e4 c5 2.Nf3 d6 3.d4 cxd4 4.Nxd4 Nf6 5.Nc3 a6 6.Be3 e6 7.g4 h6 8.f4 Nc6
9.Be2 Qc7 10.Bf3 Be7 11.O-O Bd7 12.Nb3 O-O-O 13.Na4 Rdg8 14.Nb6+ Kb8 15.Nc4 d5
16.exd5 exd5 17.Nb6 g5 18.Nxd7+ Qxd7 19.Rf2 h5 20.fxg5 hxg4 21.Bg2 Nh5 22.Qd2 Bd6
23.Re2 Qc7 24.Bh1 Nf4 25.Rae1 Nxe2+ 26.Rxe2 g3 27.hxg3 Bxg3 28.Bxd5 Rd8 29.c4 Ne5
30.Qc3 Nf3+ 31.Kg2 Nh4+ 32.Kf1 Nf5 33.Bg1 Qf4+ 34.Qf3 Rxd5 35.Qxf4+ Bxf4
36.cxd5 Ng3+ 37.Kf2 Nxe2 38.Kxe2 Bxg5 39.Nc5 Bf4 40.Bd4 Rd8 41.Kf3 Rxd5 42.Ke4 Rd8
43.Bf6 Rc8 44.Nxa6+ bxa6 45.Kxf4 Kc7 46.Bd4 Kd7  0-1

[Event "Rubinstein Open"]
[Site "Polanica Zdroj POL"]
[Date "2001.08.18"]
[Round "3"]
[White "Rutkowski,M"]
[Black "Averjanov,A"]
[Result "0-1"]
[WhiteElo "2122"]
[BlackElo "2338"]

1.e4 c5 2.Nf3 d6 3.d4 cxd4 4.Nxd4 Nf6 5.Nc3 a6 6.Be3 e5 7.Nb3 Be6 8.Qd2 Be7
9.f3 h5 10.Be2 Nbd7 11.O-O O-O 12.Rad1 Rc8 13.a4 Qc7 14.Qe1 Rfd8 15.Qg3 Nc5
16.Nxc5 dxc5 17.f4 h4 18.Qf2 exf4 19.Bxf4 Qb6 20.b3 Qb4 21.Nd5 Nxd5 22.exd5 Rxd5
23.Rxd5 Bxd5 24.c4 Be6 25.Qf3 f6 26.Bd3 Qc3 27.Be4 Qxf3 28.Bxf3 b6 29.Bb7 Re8
30.Bxa6 Bf5 31.Bb7 Bc2 32.Bd5+  0-1

[Event "Rubinstein Open"]
[Site "Polanica Zdroj POL"]
[Date "2001.08.18"]
[Round "3"]
[White "Owczarzak,J"]
[Black "Balcerak,P"]
[Result "1-0"]
[WhiteElo "2320"]
[BlackElo "2170"]

1.e4 c5 2.Nf3 d6 3.d4 Nf6 4.Nc3 cxd4 5.Nxd4 a6 6.Be3 Ng4 7.Bc1 Nf6 8.Be2 e6
9.Be3 Qc7 10.f4 Nc6 11.Qd2 Be7 12.O-O-O O-O 13.g4 Nxd4 14.Qxd4 e5 15.Qd3 d5
16.Nxd5 Nxd5 17.exd5 exf4 18.Bd4 Bd6 19.Kb1 b5 20.Bf3 Bd7 21.h4 Qc4 22.Qxc4 bxc4
23.Rhe1 Rfe8 24.b3 Bb5 25.Rxe8+ Rxe8 26.a4 Bd7 27.bxc4 Rc8 28.c5 Bxc5 29.Bxc5 Rxc5
30.Rd4 h5 31.gxh5 Bf5 32.Rxf4 Bxc2+ 33.Kb2 a5 34.d6 Kf8 35.d7 Ke7 36.Rxf7+ Kd8
37.Bg4  1-0

[Event "Rapidplay"]
[Site "Villarrobledo ESP"]
[Date "2001.08.18"]
[Round "2"]
[White "Shirov,A"]
[Black "Aleksieva,S"]
[Result "1-0"]
[WhiteElo "2706"]
[BlackElo "2360"]

1.e4 c5 2.Nf3 d6 3.d4 cxd4 4.Nxd4 Nf6 5.Nc3 a6 6.Be3 e5 7.Nb3 Be6 8.f3 Nbd7
9.Qd2 b5 10.a4 b4 11.Nd5 Bxd5 12.exd5 Qc7 13.a5 Qb7 14.O-O-O Be7 15.g4 O-O
16.g5 Nh5 17.Bh3 g6 18.Bg4 Ng7 19.h4 f5 20.gxf6 Nxf6 21.Kb1 Nfh5 22.Bh6 Rf7
23.Bxg7 Nxg7 24.h5 gxh5 25.Bxh5 Nxh5 26.Rxh5 Kh8 27.Rdh1 Rg8 28.Qd3 Bg5 29.Rg1 Bf4
30.Rxg8+ Kxg8 31.Rh1 Rg7 32.Qe4 Rg6 33.Qf5 Kg7 34.Rd1 Rg2 35.Qh3 Rg6 36.Rh1 h6
37.Rd1 Qc7 38.Qf1 Qb7 39.Qc4 h5 40.Rh1 Rh6 41.Qe4 h4 42.Rg1+ Kh8 43.Qf5 Qxd5
44.Rh1  1-0

[Event "14th Kieler Open"]
[Site "Kiel GER"]
[Date "2001.08.19"]
[Round "4"]
[White "Meijers,V"]
[Black "Baramidze,D"]
[Result "1/2-1/2"]
[WhiteElo "2449"]
[BlackElo "2338"]

1.e4 c5 2.Nf3 d6 3.d4 cxd4 4.Nxd4 Nf6 5.Nc3 a6 6.Be3 e5 7.Nf3 Be7 8.a4 O-O
9.a5 Nbd7 10.Bc4 b5 11.axb6 Nxb6 12.Bb3 Bb7 13.Bxb6 Qxb6 14.Nd5 Nxd5 15.exd5 e4
16.Nd4 Bf6 17.Ra4 Qc5 18.Qd2 Bxd5 19.Ra5 Qxd4 20.Qxd4 Bxd4 21.Bxd5 Bxb2 22.Kd2 Ra7
23.Rb1 Bd4 24.Ke2 Re7 25.Rxa6 Bc5 26.c4 g6 27.Ra2 e3 28.fxe3 Rxe3+ 29.Kf1 Rfe8
30.Ra8 Rxa8 31.Bxa8 Kg7 32.Bd5 Re7 33.Rb7  1/2-1/2

[Event "It"]
[Site "Kladovo YUG"]
[Date "2001.08.19"]
[Round "7"]
[White "Sulypa,A"]
[Black "Ruck,R"]
[Result "0-1"]
[WhiteElo "2516"]
[BlackElo "2573"]

1.e4 c5 2.Nf3 d6 3.d4 cxd4 4.Nxd4 Nf6 5.Nc3 a6 6.Be3 Ng4 7.Bg5 h6 8.Bh4 g5
9.Bg3 Bg7 10.h3 Nf6 11.Bc4 Qb6 12.Bb3 O-O 13.h4 g4 14.Nde2 Qb4 15.a3 Qa5
16.Qd2 Nbd7 17.Bf4 Kh7 18.Ng3 Ne5 19.Bg5 Be6 20.Bxf6 Bxf6 21.Nh5 Nf3+ 22.gxf3 Qxh5
23.Nd5 Bxb2 24.Rb1 Qe5 25.Qd3 gxf3 26.Qxf3 f5 27.Rxb2 Qxb2 28.O-O Qe5 29.exf5 Rxf5  0-1

[Event "Rubinstein Open"]
[Site "Polanica Zdroj POL"]
[Date "2001.08.19"]
[Round "4"]
[White "Stopa,Ja"]
[Black "Balkiewicz,E"]
[Result "1-0"]
[WhiteElo "2167"]
[BlackElo "2081"]

1.e4 c5 2.Nf3 d6 3.d4 cxd4 4.Nxd4 Nf6 5.Nc3 a6 6.Be3 e6 7.g4 h6 8.f4 b5 9.Bg2 Bb7
10.g5 b4 11.gxf6 bxc3 12.fxg7 Bxg7 13.bxc3 Qh4+ 14.Kf1 Nd7 15.Rb1 Nc5 16.Nf3 Qe7
17.Bxc5 dxc5 18.e5 Rd8 19.Qe2 O-O 20.Ne1 Bxg2+  1-0

[Event "Rubinstein Open"]
[Site "Polanica Zdroj POL"]
[Date "2001.08.19"]
[Round "4"]
[White "Ginzburg,Mi"]
[Black "Tazbir,M"]
[Result "1/2-1/2"]
[WhiteElo "2274"]
[BlackElo "2115"]

1.e4 c5 2.Nf3 d6 3.d4 cxd4 4.Nxd4 Nf6 5.Nc3 a6 6.Be3 e5 7.Nb3 Be6 8.Qd2 Nbd7
9.f3 h5 10.Qf2 Be7 11.O-O-O b5 12.Nd5 Nxd5 13.exd5 Bf5 14.Bd3 Bxd3 15.Rxd3 a5
16.g4 Bg5 17.Rg1 Qf6 18.gxh5 Rxh5 19.Kb1 Kf8 20.Qg3 Bxe3  1/2-1/2

[Event "Ron Banwell Masters"]
[Site "London ENG"]
[Date "2001.08.20"]
[Round "3"]
[White "Konguvel,P"]
[Black "Gormally,D"]
[Result "1-0"]
[WhiteElo "2371"]
[BlackElo "2481"]

1.e4 c5 2.Nf3 d6 3.d4 cxd4 4.Nxd4 Nf6 5.Nc3 a6 6.Be3 e5 7.Nb3 Be6 8.f3 Be7
9.Qd2 O-O 10.O-O-O Nbd7 11.g4 Qc7 12.g5 Nh5 13.Kb1 Rfc8 14.Qf2 b5 15.h4 b4
16.Nd5 Bxd5 17.Rxd5 a5 18.Bh3 a4 19.Nc1 Rcb8 20.Bg4 g6 21.Bxh5 gxh5 22.f4 exf4
23.Qxf4 Ne5 24.Bd4 Rc8 25.Rh2 Ra6 26.Rf2 Bf8 27.Bxe5 dxe5 28.Qxe5 Qc6 29.Qf6 Qb7
30.Qf5 Re6 31.Rfd2 Rc7 32.Qf3 Rce7 33.Qxh5 a3 34.Qf3 axb2 35.Kxb2 Rxe4 36.Rd8 Qc7
37.Kb1 Re8 38.R2d7 Qc4 39.h5 Qe6 40.h6 Re5 41.Qf4 Rxd8 42.Rxd8 Qe7 43.g6 hxg6
44.h7+ Kxh7 45.Rxf8 Rf5 46.Qh2+ Rh5 47.Qb8 Qf6 48.Qc7 Kg7 49.Rb8 Rh1 50.Rxb4 g5
51.Qg3 Qe7 52.Rb5 f6 53.Qf3  1-0

[Event "Ron Banwell Masters"]
[Site "London ENG"]
[Date "2001.08.20"]
[Round "3"]
[White "Dekker,A"]
[Black "Friedland,J"]
[Result "0-1"]
[WhiteElo "2236"]
[BlackElo "2163"]

1.e4 c5 2.Nf3 d6 3.d4 cxd4 4.Nxd4 Nf6 5.Nc3 a6 6.Be3 e5 7.Nb3 Be6 8.f3 Be7
9.Qd2 Nbd7 10.O-O-O b5 11.Qf2 Qc7 12.g4 O-O 13.h4 Rfc8 14.Nd5 Bxd5 15.exd5 e4
16.g5 Nh5 17.Nd4 exf3 18.Qxf3 g6 19.Qf2 Ne5 20.Bh3 Re8 21.Nc6 Bf8 22.Bb6 Qb7
23.Nxe5 Rxe5 24.Bd4 Re7 25.Bg4 Bg7 26.Bxh5 Bxd4 27.Qxd4 gxh5 28.Qf6 Qc7 29.Qh6 Re2
30.c3 Qc4 31.Qxh5 Qe4 32.Rhf1 Qc2+  0-1

[Event "Open"]
[Site "Lisbon POR"]
[Date "2001.08.21"]
[Round "1"]
[White "Almagro Llanas,P"]
[Black "Roeder,M"]
[Result "0-1"]
[WhiteElo "2272"]
[BlackElo "2466"]

1.e4 c5 2.Nf3 d6 3.d4 cxd4 4.Nxd4 Nf6 5.Nc3 a6 6.Be3 e5 7.Nb3 Be7 8.f3 Be6
9.Qd2 O-O 10.O-O-O b5 11.g4 b4 12.Nd5 Bxd5 13.exd5 a5 14.Kb1 Qc7 15.Nc5 Nbd7
16.Na4 Rab8 17.h4 e4 18.g5 Nh5 19.f4 Ng3 20.Rg1 Nf5 21.Bh3 Nxe3 22.Qxe3 f5
23.gxf6 Bxf6 24.Be6+ Kh8 25.Qxe4 Nc5 26.Nxc5 Qxc5 27.Rg5 b3 28.axb3 Bxg5
29.hxg5 Rb4 30.c4 Rxb3 31.Rh1 h6 32.gxh6 g5 33.Qg6 Qd4 34.Qc2 Rfb8 35.Rh2 gxf4
36.Qc1 f3 37.h7 f2  0-1

[Event "Open"]
[Site "Lisbon POR"]
[Date "2001.08.22"]
[Round "2"]
[White "De Vreugt,D"]
[Black "Ftacnik,L"]
[Result "1/2-1/2"]
[WhiteElo "2429"]
[BlackElo "2580"]

1.e4 c5 2.Nf3 d6 3.d4 cxd4 4.Nxd4 Nf6 5.Nc3 a6 6.Be3 e5 7.Nb3 Be6 8.f3 h5
9.a4 Nbd7 10.a5 Rc8 11.Be2 Be7 12.O-O O-O 13.Qd2 Qc7 14.Ra4 Rfd8 15.Rc1 Nc5
16.Nxc5 dxc5 17.Qe1 c4 18.Kh1 Qc6 19.Qg3 Ne8 20.Raa1 Bc5 21.Bxc5 Qxc5 22.f4 exf4
23.Qxf4 Nf6 24.Rf1 Rd4 25.Rf3 Qc7 26.Qh4 Qe5 27.Re3 Rc5 28.h3 Bd7 29.Bf3 Rd2
30.Re2 Rxe2 31.Bxe2 Bc6 32.Re1 g6 33.Bf1 Kg7 34.Qf2 Bd7 35.Nd5 Rxa5 36.Bxc4 Qxb2
37.Nxf6 Qxf6 38.Qxf6+ Kxf6 39.Rf1+ Kg5 40.Rxf7 Bc6 41.Bd5 Bxd5 42.exd5 Rxd5
43.Rxb7 Rc5 44.Rb6 a5 45.h4+ Kf4 46.Ra6 g5 47.hxg5 Kxg5 48.Kh2 Kf4 49.Kh3 Ke4
50.g4 Kf4 51.gxh5 Rxh5+ 52.Kg2 Ke3 53.c4 Kd4 54.Kf3 Re5 55.c5 Rxc5 56.Ke2 Kc3
57.Kd1 Kb3 58.Rb6+ Ka3 59.Kd2 a4 60.Rb1 Ka2 61.Rb8 a3 62.Rb7 Ka1 63.Rb3 a2
64.Rb8 Rh5 65.Kc2  1/2-1/2

[Event "Ron Banwell Masters"]
[Site "London ENG"]
[Date "2001.08.22"]
[Round "5"]
[White "Eames,R"]
[Black "Friedland,J"]
[Result "1-0"]
[WhiteElo "2333"]
[BlackElo "2163"]

1.e4 c5 2.Nf3 d6 3.d4 cxd4 4.Nxd4 Nf6 5.Nc3 a6 6.Be3 e5 7.Nb3 Be6 8.f3 Be7
9.Qd2 Nbd7 10.g4 Qc7 11.O-O-O b5 12.g5 Nh5 13.Kb1 O-O 14.Ne2 Nb6 15.Ng3 Nc4
16.Bxc4 bxc4 17.Nxh5 cxb3 18.cxb3 a5 19.Rhg1 a4 20.Rc1 Qd8 21.b4 a3 22.b3 Kh8
23.f4 exf4 24.Bd4 Rg8 25.Qxf4 d5 26.g6 fxg6 27.Rxg6 dxe4 28.Rd1 Bd6 29.Qh6 Be5
30.Rxg7 Bf5 31.Rxh7+  1-0

[Event "Rubinstein Open"]
[Site "Polanica Zdroj POL"]
[Date "2001.08.22"]
[Round "7"]
[White "Zawadzki,S"]
[Black "Tihonov,J"]
[Result "0-1"]
[WhiteElo "2311"]
[BlackElo "2393"]

1.e4 c5 2.Nf3 d6 3.d4 cxd4 4.Nxd4 Nf6 5.Nc3 a6 6.Be3 e5 7.Nb3 Be6 8.f3 h5
9.Qd2 Nbd7 10.O-O-O Be7 11.g3 Qc7 12.h3 b5 13.Rh2 Nb6 14.Kb1 b4 15.Bxb6 Qxb6
16.Nd5 Bxd5 17.exd5 a5 18.Qd3 O-O 19.g4 a4 20.Nd2 a3 21.b3 h4 22.Nc4 Qc5
23.Rg2 Nh7 24.Qf5 g6 25.Qd7 Ra7 26.Qc6 Rc8 27.Qxc5 Rxc5 28.Rgd2 Bg5 29.Rd3 Rd7
30.c3 bxc3 31.Rxc3 Nf6 32.Rcd3 e4 33.fxe4 Nxe4 34.Re1 Rxc4 35.bxc4 Rb7+ 36.Rb3 Nd2+
37.Kc2 Nxb3 38.axb3 Ra7 39.c5 a2  0-1

[Event "WJun Women"]
[Site "Athens GRE"]
[Date "2001.08.23"]
[Round "7"]
[White "Gu Xiaobing"]
[Black "Khukhashvili,S"]
[Result "1-0"]
[WhiteElo "2300"]
[BlackElo "2295"]

1.e4 c5 2.Nf3 d6 3.d4 cxd4 4.Nxd4 Nf6 5.Nc3 a6 6.Be3 e5 7.Nb3 Be6 8.f3 Nbd7
9.g4 Be7 10.g5 Nh5 11.Qd2 O-O 12.O-O-O Nb6 13.Na5 Qc7 14.h4 Nd7 15.Nb3 b5
16.Bh3 Nb6 17.Bxb6 Qxb6 18.Bg4 Nf4 19.Ne2 Nxe2+ 20.Qxe2 a5 21.Kb1 Rfc8 22.g6 Bxg4
23.gxh7+ Kxh7 24.fxg4 a4 25.Nc1 a3 26.b3 Rc3 27.g5 Rac8 28.Rd2 Kg8 29.Rf1 Qe3
30.Nd3 Qxe2 31.Rxe2 Bd8 32.Ref2 Bb6 33.Rh2 Bd8 34.Rg2 g6 35.Rff2 Bb6 36.Re2 Kg7
37.Rh2 Rh8 38.Nb4 Rg3 39.Kc1 Ba5 40.c3 Rxc3+ 41.Nc2 Rhc8 42.Rd2 R8c6 43.Kd1 Rg3
44.b4 Bc7 45.Rd5 Rc4 46.Re2 Rh3 47.Rxb5 Rxh4 48.Nxa3 Rcxe4 49.Rxe4 Rxe4 50.Nc2 Bd8
51.a4 Bxg5 52.a5 Bh4 53.a6 Bf2 54.Rb7 Rh4 55.a7 Rh8 56.Ke2 Bxa7 57.Rxa7 Rb8
58.Ra6 d5 59.Ra5 Rd8 60.b5 d4 61.Nb4 e4 62.b6 d3+ 63.Kd1 e3 64.b7 Rb8 65.Rb5 d2
66.Nd5 Kf8 67.Nxe3 Ke7 68.Nd5+ Kd6 69.Nb4  1-0

[Event "Rubinstein Open"]
[Site "Polanica Zdroj POL"]
[Date "2001.08.23"]
[Round "8"]
[White "Jaracz,P"]
[Black "Abbasov,F"]
[Result "1-0"]
[WhiteElo "2521"]
[BlackElo "2426"]

1.e4 c5 2.Nf3 d6 3.d4 Nf6 4.Nc3 cxd4 5.Nxd4 a6 6.Be3 e5 7.Nb3 Be6 8.f3 Nbd7
9.g4 Be7 10.Qd2 Qc7 11.O-O-O O-O 12.Kb1 Rfc8 13.Qf2 b5 14.g5 Nh5 15.h4 Bd8
16.Bh3 Bxh3 17.Rxh3 b4 18.Nd5 Qc4 19.Nc1 a5 20.Nd3 Qb5 21.Rh2 Nc5 22.Bxc5 dxc5
23.Nxe5 c4 24.f4 b3 25.Qf3 bxa2+ 26.Ka1 Rab8 27.c3 g6 28.f5 Qe8 29.Rf2 Rb7
30.Ng4 a4 31.Qe3 Kh8 32.Qd4+ Ng7 33.fxg6 hxg6 34.h5 gxh5 35.Ngf6 Bxf6 36.Nxf6  1-0

[Event "Rubinstein Open"]
[Site "Polanica Zdroj POL"]
[Date "2001.08.23"]
[Round "8"]
[White "Chojnacki,K"]
[Black "Czakon,J"]
[Result "1/2-1/2"]
[WhiteElo "2228"]
[BlackElo "2118"]

1.e4 c5 2.Nf3 d6 3.d4 cxd4 4.Nxd4 Nf6 5.Nc3 a6 6.Be3 e6 7.f3 b5 8.Qd2 Nbd7
9.g4 Nb6 10.g5 Nfd7 11.Qf2 Bb7 12.Bh3 Nc4 13.O-O-O b4 14.Na4 Qa5 15.b3 Nxe3
16.Qxe3 Be7 17.Bxe6 fxe6 18.Nxe6 Qe5 19.Nc7+ Kd8 20.f4 Bxg5  1/2-1/2

[Event "WJun Women"]
[Site "Athens GRE"]
[Date "2001.08.24"]
[Round "8"]
[White "Moshina,C"]
[Black "Zuriel,M"]
[Result "1/2-1/2"]
[WhiteElo "2221"]
[BlackElo "2202"]

1.e4 c5 2.Nf3 d6 3.d4 cxd4 4.Nxd4 Nf6 5.Nc3 a6 6.Be3 e6 7.f3 b5 8.Qd2 Bb7
9.g4 Nfd7 10.O-O-O Nb6 11.Bf4 b4 12.Ncb5 axb5 13.Nxb5 Be7 14.Nxd6+ Bxd6 15.Bxd6 Nc6
16.Kb1 Ba6 17.Bxa6 Rxa6 18.Qd3 Ra8 19.Qb3 Ra4 20.Bc5 Nd7 21.Bd6 Nb6 22.Bc5 Nd7
23.Bd6 Nb6 24.Bc5  1/2-1/2

[Event "Ron Banwell Masters"]
[Site "London ENG"]
[Date "2001.08.24"]
[Round "7"]
[White "Eames,R"]
[Black "Gormally,D"]
[Result "0-1"]
[WhiteElo "2333"]
[BlackElo "2481"]

1.e4 c5 2.Nf3 d6 3.d4 cxd4 4.Nxd4 Nf6 5.Nc3 a6 6.Be3 Ng4 7.Bg5 h6 8.Bh4 g5
9.Bg3 Bg7 10.Be2 h5 11.Nf5 Bxf5 12.exf5 Qa5 13.O-O Bxc3 14.bxc3 Nc6 15.Bxg4 hxg4
16.f6 e6 17.Qxg4 O-O-O 18.Rab1 Rh6 19.f4 gxf4 20.Qxf4 Rh5 21.Rfd1 Rd5 22.c4 Rxd1+
23.Rxd1 e5 24.Qg4+ Kc7 25.Qg7 Qc5+ 26.Bf2 Qxc4 27.h4 e4 28.h5 e3 29.Bg3 e2
30.Re1 Qc5+ 31.Bf2 Qxh5 32.g4 Qd5 33.Rxe2 Ne5 34.Bg3 Qf3 35.Rg2 Qd1+ 36.Kh2 Nf3+
37.Kh3 Kc8 38.g5 Qh1+ 39.Bh2 Nxh2 40.Rxh2 Qf3+ 41.Kh4 Re8  0-1

[Event "Rubinstein Open"]
[Site "Polanica Zdroj POL"]
[Date "2001.08.24"]
[Round "9"]
[White "Zezulkin,J"]
[Black "Teterev,V"]
[Result "1-0"]
[WhiteElo "2529"]
[BlackElo "2279"]

1.e4 c5 2.Nf3 d6 3.d4 cxd4 4.Nxd4 Nf6 5.Nc3 a6 6.Be3 Ng4 7.Bg5 h6 8.Bh4 g5
9.Bg3 Bg7 10.h4 Nc6 11.Nb3 Be6 12.Qd2 Rg8 13.hxg5 hxg5 14.O-O-O Be5 15.Bxe5 Ngxe5
16.Nd5 f6 17.Be2 Bf7 18.Bh5 e6 19.Ne3 Ke7 20.f3 Rh8  1-0

[Event "WJun Women"]
[Site "Athens GRE"]
[Date "2001.08.25"]
[Round "9"]
[White "Volosjuk,J"]
[Black "Sergeeva,M"]
[Result "1/2-1/2"]
[WhiteElo "2078"]
[BlackElo "2327"]

1.e4 c5 2.Nf3 d6 3.d4 cxd4 4.Nxd4 Nf6 5.Nc3 a6 6.Be3 e6 7.f3 b5 8.g4 h6 9.Qd2 Bb7
10.O-O-O Nbd7 11.Bd3 Rc8 12.Rhe1 Ne5 13.Kb1 Be7 14.h4 Nh7 15.f4 Nxg4 16.e5 Nxe3
17.Qxe3 d5 18.f5 Bxh4 19.fxe6 O-O 20.exf7+ Rxf7 21.Rg1 Bg5 22.Qh3 Nf8 23.Bf5 Rc4
24.Ne6 Qe7 25.Nxg5 hxg5 26.Bd3 Rh4 27.Qg3 d4 28.Ne2 Ne6 29.Rdf1 Qf8 30.Rxf7 Qxf7
31.a3 Qf3 32.Qxf3 Bxf3 33.Bf5 Bxe2 34.Bxe6+ Kf8 35.Rxg5 Bc4 36.Bxc4 bxc4
37.Rg6 Rh6 38.Rg4 Rh1+ 39.Ka2 Rd1 40.b3 c3 41.b4 Kf7 42.Kb3 Ke6 43.Rxg7 Kxe5
44.Rd7 Ke4 45.Kc4 Ke3 46.a4 Rd2 47.Re7+ Kf2 48.Re4 Rxc2 49.Rxd4 Rc1 50.Rd3 c2
51.Kc3 Ra1 52.Rd2+ Ke3 53.Rxc2  1/2-1/2

[Event "WJun Women"]
[Site "Athens GRE"]
[Date "2001.08.25"]
[Round "9"]
[White "Aarthie,R"]
[Black "Khukhashvili,S"]
[Result "1/2-1/2"]
[WhiteElo "2249"]
[BlackElo "2295"]

1.e4 c5 2.Nf3 d6 3.d4 cxd4 4.Nxd4 Nf6 5.Nc3 a6 6.Be3 e5 7.Nb3 Be6 8.f3 Nbd7
9.g4 Be7 10.Qd2 Rc8 11.g5 Nh5 12.O-O-O O-O 13.Kb1 Qc7 14.Nd5 Bxd5 15.exd5 Nb6
16.Rg1 f5 17.gxf6 Rxf6 18.Bxb6 Qxb6 19.Bh3 Rd8 20.Rg4 Nf4 21.Bf1 Rg6 22.Rxg6 hxg6
23.Bd3 Bh4 24.Be4 Kf7 25.c3 Rh8 26.Nd4 Bf6 27.Ne6 g5 28.Nxf4 gxf4 29.Qg2 Kf8
30.Qc2 Rh3 31.Qg2 Rh4 32.Re1 Qc7 33.Bf5 Bd8  1/2-1/2

[Event "Rubinstein Open"]
[Site "Polanica Zdroj POL"]
[Date "2001.08.25"]
[Round "10"]
[White "Balcerak,J"]
[Black "Guliev,L"]
[Result "1-0"]
[WhiteElo "2415"]
[BlackElo "2371"]

1.e4 c5 2.Nf3 d6 3.d4 cxd4 4.Nxd4 Nf6 5.Nc3 a6 6.Be3 e6 7.Be2 Be7 8.O-O O-O
9.f4 Qc7 10.g4 Nc6 11.g5 Nxd4 12.Bxd4 Nd7 13.Bd3 Re8 14.Qh5 g6 15.Qh4 b5
16.Rf3 h5 17.f5 Ne5 18.Bxe5 Qc5+ 19.Kh1 Qxe5 20.f6 Bf8  1-0

[Event "Open"]
[Site "Lisbon POR"]
[Date "2001.08.26"]
[Round "6"]
[White "De Vreugt,D"]
[Black "Gallagher,Jo"]
[Result "1-0"]
[WhiteElo "2429"]
[BlackElo "2516"]

1.e4 c5 2.Nf3 d6 3.d4 cxd4 4.Nxd4 Nf6 5.Nc3 a6 6.Be3 e5 7.Nb3 Be6 8.f3 Be7
9.Qd2 O-O 10.O-O-O Nbd7 11.g4 Qc7 12.Kb1 b5 13.g5 Nh5 14.Nd5 Bxd5 15.exd5 Nb6
16.Na5 Nxd5 17.Qxd5 Qxa5 18.c4 Rab8 19.Rg1 g6 20.Rg4 Rfc8 21.cxb5 axb5 22.Bc4 Rf8
23.f4 Qb4 24.Bb3 Nxf4 25.Qf3 Qa5 26.Bxf4 exf4 27.h4 d5 28.Bxd5 Bd6 29.h5 Qc7
30.hxg6 hxg6 31.Qh3 Rfc8 32.Bb3 Be5 33.Rh4 Bg7 34.Rh1 Kf8 35.Rh8+ Ke7 36.Re1+ Be5
37.Rh7 Rf8 38.Qe6+ Kd8 39.Rd1+  1-0

[Event "WJun Women"]
[Site "Athens GRE"]
[Date "2001.08.27"]
[Round "11"]
[White "Aarthie,R"]
[Black "Sergeeva,M"]
[Result "1/2-1/2"]
[WhiteElo "2249"]
[BlackElo "2327"]

1.e4 c5 2.Nf3 d6 3.d4 cxd4 4.Nxd4 Nf6 5.Nc3 a6 6.Be3 e6 7.f4 Nbd7 8.Qf3 Qc7
9.g4 e5 10.Nf5 g6 11.Ng3 d5 12.fxe5 dxe4 13.Ngxe4 Nxe4 14.Qxe4 Nc5 15.Bxc5 Bxc5
16.Nd5 Qc6 17.Nf6+ Ke7 18.Qxc6 bxc6 19.O-O-O Be3+ 20.Kb1 Bf4 21.Re1 Be6 22.Bg2 Rhc8
23.h3 Rab8 24.Rhf1 Bd2 25.Re4 Bc3 26.b3 h6 27.Rf3 Bb4 28.Rd3 a5 29.Kb2 Bc5
30.Ra4 Bb6 31.Ne4 Bd5 32.Bf3 Bxe4 33.Bxe4 Bc7 34.c3 c5 35.Bd5 Rd8 36.Rf4 Rf8
37.Rxf7+ Rxf7 38.Bxf7 Bxe5 39.Bxg6 c4 40.Rd5 Kf6 41.Rxa5 cxb3 42.axb3 Rc8
43.Rxe5 Kxe5 44.b4 Kf4 45.Kb3 Kg3 46.Bf5 Rf8 47.Be6 Rf6 48.Bd7 Rf7 49.Bc8 Rf8
50.Bd7 Rf7 51.Be8 Rf8 52.Bh5 Kxh3 53.b5 Kg3 54.Kb4 Kf4 55.b6 Ke5 56.Kb5 Kd6
57.c4 Rf2 58.Be8 Rb2+ 59.Ka6 Kc5 60.Bb5 Rg2 61.Ka7 Rxg4 62.b7 Rg7 63.Ka6 Rxb7
64.Kxb7 h5 65.Bc6 Kxc4  1/2-1/2